000 02046nam a2200277 i 4500
003 DO-SdBNP
005 20250611073818.0
006 a||||gr|||| 00| 0
007 ta
008 230921e2022 dr c||| |||| 00| 0 spa d
040 _aDO-SdBNP
_bspa
_cBNPHU
_erda
082 4 _222
_bR426i 2022
110 1 _aRepública Dominicana.
_bMinisterio de Salud Pública
_eautor
_980830
245 1 0 _aInforme ejecutivo de la presidencia Pro Tempore del Consejo de Ministros de Salud de Centro América y Republica Dominicana:
_bjunio - diciembre 2022
_cPresentación, Daniel Rivera.
246 1 3 _aInforme ejecutivo 2022.
264 1 _aPunta Cana, República Dominicana :
_bSistema de Integración Centroamericana,
_bPro Tempore,
_c2022
300 _a55 páginas :
_bIlustraciones, retratos ;
_c28 cm.
336 _2rdacontent
_atexto
_btxt
337 _2rdamedia
_asin mediación
_bnc
338 _2rdacarrier
_avolumen
_bnc
500 _aIncluye siglas o acrónimos.
505 _aPresentación.-- Introducción.
_tReunión de inducción a la PPT COMISCA-RD 2022.--
_tPrioridades político- estratégicas para el semestre julio - diciembre 2022.--
_tEje estratégico 1.--
_tEje estratégico 2.--
_tRuta de Salud: una mirada integral hacia la promoción de la salud.--
_tGrupo Técnico Especializado de Promoción de la Salud (GTEPS).--
_tGrupo Técnico Regional de la Salud Adolescente (GTERSA).--
_tComisión Técnica de Género y Salud (CTGS).--
_tRed Centroamericana de Epidemiología de Campo (REDCEC).--
_tGrupo Técnico de salud Mental (GTSM).--
_tRed Regional de Comunicadores en Salud (REDCOM).--
_tRed Regional de Laboratorios Nacionales de Referencias de Centroamérica y República Dominicana (REDLAB).--
_tEje Estratégico 3.--
_tComisión Técnica Regional de Medicamentos (CTRM).--
_tComisión Técnica de Vigilancia de la Salud y Sistemas de Información (COTRVISI).--
_tEje Estratégico 4 para la Gestión del Riesgo en Salud (CTGERS).--
_tAnexos.
590 _aInventariado 2023 / MF
700 2 _aRivera, Daniel,
_950394
_epresentación
942 _2ddc
_cLBS1
999 _c54887
_d54887